00856nam a2200181 a 4500003000200000005001700002008004100019050003000060100003400090245019100124260009000315300004000405504004100445650006800486650004400554650003500598650004100633020250618111908.0021121s19uu xx 00 eng d aPHS LB 3060.57b.M36 2000 aManalastas, Ernest Michael C. aA Survey on the preparation for the NSAT and college entrance exams among 4th year high school students from Southville International School sy 1999-2000 /cErnest Michael C. Manalastas. aLas Piñas City, Philippines :bSouthville International School and Colleges,c2000. a27 pages :billustrations ;c28 cm. aIncludes bibliographical references. aCollege entrance examinationszPhilippinesxStudy and teaching. aExaminationsxPreparationzPhilippines. aTest preparationzPhilippines. aStudentszPhilippinesxExaminations.